Statistiche per Tipi di Pokémon

Clicka qui per fare il quiz!

Statistiche generali

  • Questo quiz è stato fatto 112 volte
  • Il punteggio medio è 16 su 18

Statistiche sulle risposte

Tipo% Corretto
Fuoco
100%
Acqua
99%
Elettro
95%
Erba
95%
Terra
95%
Folletto
91%
Normale
91%
Psico
91%
Buio
88%
Lotta
87%
Roccia
86%
Spettro
86%
Acciaio
85%
Veleno
85%
Coleottero
82%
Drago
82%
Ghiaccio
80%
Volante
80%

Distribuzione punteggi

Percentile per numero di risposta

Percentuale di utenti per punteggio

I tuoi punteggi nel tempo

Non hai fatto questo quiz